Statistiques concernant [Cinéma] Combien de films composent cette saga ? (1)

Cliquez ici pour prendre le quiz!

Statistiques générales

  • Ce quiz a été pris 156 fois
  • Le résultat moyen est 9 sur 10

Statistiques - réponses

HintRéponse% Correct
Fast and Furious10
99%
Indiana Jones5
99%
Taxi5
99%
L’Âge de glace5
99%
Star Wars9
98%
Une nuit en enfer3
91%
American Girls6
87%
Un justicier dans la ville5
86%
L'exorciste5
86%
Halloween12
76%

Distribution des résultats

Percentile par nombre de réponses

% des personnes avec chaque résultat

Votre développement - résultats

Vous n’avez pas pris ce quiz